000 00726nam a2200205Ii 4500
003 JO-AjNU
008 230605s9999||||xx |||||||||||||| ||und||
040 _aJO-AjNU
_bara
_erda
_cJO-AjNU
041 _aara
050 1 4 _aBF57.1979
100 3 _aاندرسون،كليفورد .ر ،نصار،شاكر خليل/ترجمة,
_eauthor
_915858
245 0 0 _aطريقك الى الصحة والسعادة
250 _aط9
264 3 1 _aبيروت:دار الشرق الاوسط للطبع والنشر ،1979
300 _a523ص
_bالفهرس العام من ص515-ص523
336 _atext
_btxt
_2rdacontent
337 _aunmediated
_bn
_2rdamedia
338 _avolume
_bnc
_2rdacarrier
650 4 _aعلم النفس
_915859
999 _aA4575
_c8143
_d8143